000 00466cam a2200193ua 4500
020 _c7.50
041 _ahin
_h
082 _a891.54
_bKAN/MA
100 _aKanal, S P .
245 _aMatha Montessori ke vichar aur vidhi /
_cS P Kanal.
_hTextual Documents
250 _a2 /
_b.
260 _a :
_bAtmaram and Sons ,
_c1963.
300 _a155 ; .
365 _a7.50
504 _a
700 1 _aPremlatha, Kanal .
942 _cBK
999 _c8408
_d8408